| 000 | 00406nam a2200157Ia 4500 | ||
|---|---|---|---|
| 003 | GCL | ||
| 008 | 140319s9999 xx 000 0 eng d | ||
| 040 |
_aGCL / _cGCL |
||
| 082 | 0 | 4 |
_a796 _bE A |
| 245 | 1 | 0 | _aADVANCED MATERIALS FOR SPORT EQUIPMENTS |
| 260 |
_a[S.N] : _bMACMILLAN PUBLISHING COMPANY ، _c1993 |
||
| 300 | _a127 p | ||
| 650 | 0 | 4 | _aSPORT - EQUIPMENTS |
| 650 | 0 | 4 | _aEQUIPMENTS |
| 942 |
_2ddc _cBK |
||
| 999 |
_c16863 _d16863 |
||